| 000 | 00540nam a2200145 a 4500 | ||
|---|---|---|---|
| 008 | 120416s0000 ||||||||||||||||| || u | ||
| 020 | _a0060913355 | ||
| 050 | _aHB 615 Pin | ||
| 100 | _aPinchot, Gifford | ||
| 245 | 1 | 0 | _aIntrapreneuring |
| 246 | _awhy you don't have to leave the corporation to become an entrepreneur | ||
| 260 |
_aNew York _bHarper and Row _c1986 |
||
| 350 | _a0.00 | ||
| 995 |
_D0.00 _FCBU-MAIN LIBRARY (Kitwe) _H1 _I10.95 _UAVAILABLE _ZMain Library Open Access Collection |
||
| 999 |
_c47559 _d47559 |
||